[Event "Eastpointe (EDO/4/20)"]
[Site "?"]
[Date "1993.??.??"]
[Round "?"]
[White "Serwatowski, Felix"]
[Black "Hartwig, Thomas"]
[Result "1-0"]
[WhiteElo "1605"]
[BlackElo "1605"]
[PlyCount "99"]
[EventDate "1993.??.??"]

{4/(20)} 1. Nf3 d5 2. c3 Nc6 3. g3 Nf6 4. Bg2 g6 5. d3 Bg7 6. Nbd2 O-O 7. O-O
Bf5 8. Re1 e5 9. Nh4 Qd7 10. Nxf5 Qxf5 11. e4 Qe6 12. Qb3 dxe4 13. Qxe6 fxe6
14. dxe4 Nd7 15. Nb3 Rfe8 16. Rd1 Red8 17. Bh3 Nf8 18. Re1 Rd7 19. Nc5 Rd6 20.
Nxb7 Rd7 21. Nc5 Rd6 22. b4 Rad8 23. Bg5 Rb8 24. a4 h6 25. Be3 Nd7 26. Bxe6+
Rxe6 27. Nxe6 Nf6 28. Nc5 Rb6 29. f3 a5 30. b5 Ne7 31. Rad1 c6 32. Rd8+ Bf8 33.
Ne6 Nh7 34. Bxb6 Kf7 35. Nxf8 Nxf8 36. Bc5 Ne6 37. Bxe7 Kxe7 38. Ra8 c5 39. Rd1
c4 40. b6 Nc5 41. Rxa5 Nb7 42. Ra7 Kf6 43. Rxb7 Kg5 44. Rd5 h5 45. Rbd7 Kf6 46.
Rd8 g5 47. R5d6+ Ke7 48. R6d7+ Ke6 49. Rc7 Kf6 50. Rd6# 1-0

[Event "Lansing (MI Am/1)"]
[Site "?"]
[Date "1993.??.??"]
[Round "?"]
[White "Serwatowski, Felix"]
[Black "Gregory, Kevin"]
[Result "0-1"]
[WhiteElo "1605"]
[BlackElo "1835"]
[PlyCount "102"]
[EventDate "1993.??.??"]

1. d4 d5 2. c4 e6 3. Nf3 f5 4. Nc3 c6 5. Bf4 Nf6 6. e3 Be7 7. Be2 O-O 8. O-O
Nbd7 9. cxd5 exd5 10. Bd3 Ne4 11. Ne5 g5 12. Nxd7 Bxd7 13. Be5 Be8 14. f3 Nxc3
15. bxc3 Bf6 16. Bxf6 Rxf6 17. Qc2 Bg6 18. e4 fxe4 19. fxe4 Rxf1+ 20. Rxf1 Bxe4
21. Bxe4 dxe4 22. Qxe4 Qe8 23. Qd3 Qe6 24. Qd2 h6 25. Re1 Qf7 26. Qe2 Rf8 27.
a4 a6 28. c4 Qf6 29. Qd2 Qf4 30. Qb2 g4 31. Rd1 Qe3+ 32. Kh1 Qd3 33. Qc1 Qe2
34. Re1 Qf2 35. Qd1 Rf4 36. Qb1 Rf6 37. d5 cxd5 38. cxd5 Qf5 39. Qd1 Rd6 40.
Qe2 Rxd5 41. Qe8+ Kg7 42. Re7+ Kf6 43. Qf7+ Kg5 44. Qg7+ Kh5 45. Re1 Rd7 46.
Qc3 Rf7 47. Rc1 Rf6 48. Rg1 Qf2 49. Qa1 Qf5 50. Qe1 Kg6 51. Qb4 b5 0-1

[Event "Trenton (Mar)"]
[Site "?"]
[Date "1993.??.??"]
[Round "?"]
[White "Serwatowski, Felix"]
[Black "Clark, M."]
[Result "1-0"]
[WhiteElo "1605"]
[BlackElo "1605"]
[PlyCount "53"]
[EventDate "1993.??.??"]

1. e4 c5 2. Nf3 Nc6 3. d4 cxd4 4. Nxd4 Nf6 5. Nc3 e6 6. Be2 Bc5 7. Be3 d6 8. a3
a5 9. Qd2 Qb6 10. Na4 Qa7 11. Nxc5 Qxc5 12. Nxe6 Qe5 13. Nc7+ Ke7 14. Nxa8 Qxb2
15. O-O Nxe4 16. Qd5 Qxc2 17. Bd3 Qa4 18. Bxe4 Be6 19. Qg5+ Kf8 20. Bxc6 Qxc6
21. Qd8+ Qe8 22. Qxd6+ Kg8 23. Nc7 Qc8 24. Rad1 Qd7 25. Qb6 Qc8 26. Nxe6 fxe6
27. Rd8+ 1-0

[Event "Eastpointe (EDO/1a/3)"]
[Site "?"]
[Date "1993.??.??"]
[Round "?"]
[White "Selitsky, B."]
[Black "McCarter, Robert"]
[Result "0-1"]
[WhiteElo "1965"]
[BlackElo "1715"]
[PlyCount "72"]
[EventDate "1993.??.??"]

1. e4 c5 2. Nc3 Nc6 3. g3 e6 4. Bg2 a6 5. d3 d6 6. f4 Nge7 7. Nf3 g6 8. O-O Bg7
9. Be3 O-O 10. Rb1 Rb8 11. Ne2 b5 12. d4 cxd4 13. Nexd4 Qc7 14. h3 Rd8 15. Qc1
Nxd4 16. Nxd4 Bb7 17. c3 Rbc8 18. Qe1 Qc4 19. Nb3 Qc7 20. Qf2 Qb8 21. Na5 Ba8
22. Ba7 Qc7 23. Bb6 Qd7 24. Bxd8 Qxd8 25. Nb3 Rc4 26. Nd2 Rc5 27. Rbd1 Qb8 28.
a3 Rc8 29. Nb3 Qc7 30. Qd2 Qb6+ 31. Kh2 d5 32. e5 Nf5 33. Nd4 Ne7 34. Qe3 Qc7
35. h4 Nf5 36. h5 Nxe3 0-1

[Event "Troy (TCC/A/2/1)"]
[Site "?"]
[Date "1993.??.??"]
[Round "?"]
[White "Selitsky, B."]
[Black "Kung, Fred"]
[Result "0-1"]
[WhiteElo "1965"]
[BlackElo "1900"]
[PlyCount "78"]
[EventDate "1993.??.??"]

{2/(1)} 1. e4 e6 2. d4 d5 3. e5 c5 4. c3 Nc6 5. Nf3 Qb6 6. Be2 Nh6 7. Bd3 cxd4
8. cxd4 Bd7 9. Bc2 Nf5 10. Bxf5 exf5 11. O-O Be7 12. Nc3 Be6 13. Ne2 O-O 14. a3
Na5 15. b4 Nc4 16. Bg5 f6 17. exf6 Bxf6 18. Bxf6 Rxf6 19. Nf4 Qd6 20. Nd3 Rh6
21. Nfe5 Rc8 22. Re1 Qe7 23. g3 g5 24. f4 g4 25. a4 Nd6 26. Rc1 Rxc1 27. Qxc1
Rf6 28. Qc5 b6 29. Qc2 Ne4 30. Rc1 Rf8 31. Qc7 Re8 32. Qxe7 Rxe7 33. Rc6 Kf8
34. Rc2 Ke8 35. Kg2 Rb7 36. Rc6 Re7 37. Kf1 Kd8 38. b5 Nd2+ 39. Kg2 Nc4 $138
0-1

[Event "Eastpointe (EDO/3/10)"]
[Site "?"]
[Date "1993.??.??"]
[Round "?"]
[White "Selitsky, B."]
[Black "Iyer, Krishnan"]
[Result "1-0"]
[WhiteElo "1965"]
[BlackElo "1605"]
[PlyCount "51"]
[EventDate "1993.??.??"]

{3/(10)} 1. e4 e6 2. d4 d5 3. e5 c5 4. c3 Nc6 5. Nf3 Qb6 6. Be2 Bd7 7. O-O
O-O-O 8. dxc5 Bxc5 9. b4 Bf8 10. b5 Na5 11. a4 Qc7 12. Na3 b6 13. Nc2 Nb3 14.
Rb1 Nc5 15. Nb4 Ne4 16. Na6 Qb7 17. Qc2 Be8 18. Be3 Kd7 19. c4 Rc8 20. Qb3 Ne7
21. Bd3 f5 22. exf6 Nxf6 23. c5 bxc5 24. Nxc5+ Rxc5 25. Bxc5 e5 26. Nxe5+ 1-0

[Event "East Lansing (MI Op/4/35)"]
[Site "?"]
[Date "1993.??.??"]
[Round "?"]
[White "Scott, Steven"]
[Black "Kebrdle, M."]
[Result "0-1"]
[WhiteElo "1915"]
[BlackElo "2070"]
[PlyCount "50"]
[EventDate "1993.??.??"]

{4/(35)} 1. e4 c6 2. d4 d5 3. e5 Bf5 4. Nf3 e6 5. Be2 c5 6. c3 Nc6 7. O-O Qb6
8. b3 Rc8 9. Be3 cxd4 10. Nxd4 Nxd4 11. Bxd4 Bc5 12. Na3 a6 13. Bd3 Ne7 14. Rc1
Bxd4 15. Bxf5 Bxe5 16. Bd3 Rxc3 17. Rxc3 Bxc3 18. Nb1 Bd4 19. Nd2 O-O 20. Nf3
Bf6 21. Qd2 Rc8 22. Rc1 Rxc1+ 23. Qxc1 Qc6 24. Qb1 g6 25. h4 e5 0-1

[Event "East Lansing (MI Op/2/18)"]
[Site "?"]
[Date "1993.??.??"]
[Round "?"]
[White "Scott, Steven"]
[Black "Bagherabadi, Mohammed"]
[Result "0-1"]
[WhiteElo "1915"]
[BlackElo "2130"]
[PlyCount "83"]
[EventDate "1993.??.??"]

{2/(18)} 1. e4 d5 2. exd5 Qxd5 3. Nc3 Qa5 4. d4 Nf6 5. Bd2 c6 6. Bc4 Qb6 7. Bc1
Bg4 8. Be2 h5 9. Nf3 e6 10. h3 Bf5 11. O-O Bd6 12. Bd3 g6 13. Re1 Nbd7 14. Ne4
Nxe4 15. Bxe4 O-O-O 16. c4 Qc7 17. a4 Bf4 18. Qc2 Nf6 19. Bd3 h4 20. b4 Bxc1
21. Raxc1 Qf4 22. Qe2 g5 23. Bxf5 Qxf5 24. Qe5 g4 25. Qxf5 exf5 26. hxg4 fxg4
27. Ng5 Rxd4 28. Nxf7 Rf8 29. Ng5 Re8 30. Rxe8+ Nxe8 31. b5 Kd7 32. f3 g3 33.
Ne4 Nd6 34. Nc5+ Kc8 35. bxc6 bxc6 36. Ne6 Rd2 37. Kf1 Rf2+ 38. Kg1 Ra2 39. Nc5
Nf5 40. Kh1 Ne3 41. Re1 Nxg2 42. Ne6 0-1

[Event "Lansing (MI Am/2)"]
[Site "?"]
[Date "1993.??.??"]
[Round "?"]
[White "Scott, A."]
[Black "Vaughn, Gerald"]
[Result "0-1"]
[WhiteElo "1605"]
[BlackElo "1605"]
[PlyCount "120"]
[EventDate "1993.??.??"]

1. e4 c5 2. Nc3 Nc6 3. Nf3 g6 4. Bb5 Nd4 5. Nxd4 cxd4 6. Ne2 Bg7 7. d3 Qa5+ 8.
c3 Qxb5 9. Nxd4 Bxd4 10. cxd4 Qb4+ 11. Bd2 Qxb2 12. Qc1 Qxc1+ 13. Rxc1 b6 14.
O-O Nf6 15. e5 Nd5 16. Rfe1 h5 17. Rb1 Ba6 18. Rb3 Rc8 19. Ra3 Nc7 20. Rc1 Bb5
21. Rxa7 Bc6 22. a4 O-O 23. Bf4 e6 24. Be3 Nd5 25. Ra6 Rfe8 26. Bd2 Ra8 27.
Rxa8 Rxa8 28. h3 Rxa4 29. g3 Rxd4 30. Be3 Nxe3 31. fxe3 Rxd3 32. Re1 Rd2 33. e4
Rd4 34. Kf2 Rxe4 35. Rxe4 Bxe4 36. Ke3 Bg2 37. h4 Bd5 38. Kd4 Kf8 39. Kd3 Ke7
40. Kc3 d6 41. exd6+ Kxd6 42. Kb4 Kc6 43. Kc3 b5 44. Kb4 e5 45. Kc3 Kc5 46. Kc2
b4 47. Kb2 e4 48. Kc2 Kc4 49. Kd2 f5 50. Kc2 e3 51. Kd1 Kc3 52. Ke2 b3 53. Kxe3
b2 54. Kf4 b1=Q 55. Kg5 Qb6 56. Kf4 Qd6+ 57. Kg5 Qxg3+ 58. Kh6 f4 59. Kh7 g5
60. hxg5 Qxg5 0-1

[Event "East Lansing (MOR/4/47)"]
[Site "?"]
[Date "1993.??.??"]
[Round "?"]
[White "Scott, A."]
[Black "Vandenburg, V.E."]
[Result "1-0"]
[WhiteElo "1605"]
[BlackElo "1605"]
[PlyCount "47"]
[EventDate "1993.??.??"]

{4/(47)} 1. e4 e6 2. d4 a6 3. Nf3 b5 4. c4 Bb7 5. Nc3 Bb4 6. Bd2 Bxc3 7. Bxc3
Bxe4 8. cxb5 Nf6 9. bxa6 Nxa6 10. Bxa6 Rxa6 11. O-O O-O 12. Qe2 Qa8 13. a3 Bb7
14. Bb4 d6 15. Rfc1 Nd5 16. Bc3 Rc8 17. Qd3 c5 18. dxc5 dxc5 19. Ng5 g6 20. f3
f5 21. Re1 Nf4 22. Qe3 h6 23. Qe5 hxg5 24. Qg7# 1-0

[Event "Eastpointe (MI Action/1/16)"]
[Site "?"]
[Date "1993.??.??"]
[Round "?"]
[White "Scott, A."]
[Black "Skidmore, Mike"]
[Result "0-1"]
[WhiteElo "1605"]
[BlackElo "1920"]
[PlyCount "100"]
[EventDate "1993.??.??"]

{1/(16)} 1. e4 c6 2. d4 d5 3. exd5 cxd5 4. Nc3 Nc6 5. Bf4 a6 6. Nf3 Bg4 7. Be2
Nf6 8. O-O e6 9. h3 Bh5 10. Rc1 Be7 11. Re1 O-O 12. Ne5 Bxe2 13. Nxe2 Nxe5 14.
Bxe5 Rc8 15. Nf4 Bd6 16. Bxd6 Qxd6 17. Nd3 b6 18. Ne5 Rc7 19. c3 Rfc8 20. Re3
b5 21. a3 a5 22. Qb3 b4 23. Nd3 bxc3 24. bxc3 Ne4 25. Ne5 Nd2 26. Qb2 Nc4 27.
Nxc4 Rxc4 28. Ra1 Qc7 29. Rb1 g6 30. Rc1 Rxd4 31. cxd4 Qxc1+ 32. Qxc1 Rxc1+ 33.
Kh2 Rd1 34. Rc3 Rxd4 35. Rc5 a4 36. Kg3 Rd3+ 37. f3 Rxa3 38. Ra5 Kg7 39. Kf2 d4
40. Rc5 Rc3 41. Rb5 a3 42. Rb1 Rc2+ 43. Kg3 a2 44. Ra1 d3 45. Rf1 d2 46. h4 Rc1
47. Rxc1 dxc1=Q 48. Kh3 Qf4 49. g3 Qxf3 50. Kh2 a1=Q 0-1

[Event "Flint (Class DE/2)"]
[Site "?"]
[Date "1993.??.??"]
[Round "?"]
[White "Scott, A."]
[Black "Shoulders, C."]
[Result "1-0"]
[WhiteElo "1605"]
[BlackElo "1605"]
[PlyCount "53"]
[EventDate "1993.??.??"]

1. e4 e5 2. Nf3 Nc6 3. Bc4 Nf6 4. Ng5 d5 5. exd5 Na5 6. Bb5+ c6 7. dxc6 bxc6 8.
Be2 h6 9. Nf3 Bd6 10. O-O O-O 11. Nc3 Re8 12. Re1 Bc5 13. h3 Qb6 14. Na4 Bxf2+
15. Kf1 Qb4 16. c3 Qf4 17. Kxf2 Ne4+ 18. Kg1 Qg3 19. d3 Bxh3 20. Bf1 Qf2+ 21.
Kh2 Qg3+ 22. Kg1 Nf2 23. Qe2 e4 24. Qxf2 Qxf2+ 25. Kxf2 exf3 26. Rxe8+ Rxe8 27.
gxh3 1-0

[Event "East Lansing (MOR/7/34)"]
[Site "?"]
[Date "1993.??.??"]
[Round "?"]
[White "Scott, A."]
[Black "Repas, B."]
[Result "0-1"]
[WhiteElo "1605"]
[BlackElo "1605"]
[PlyCount "57"]
[EventDate "1993.??.??"]

{7/(34)} 1. e4 c5 2. Nf3 Nc6 3. Bb5 Qb6 4. Nc3 a6 5. Bxc6 Qxc6 6. d4 cxd4 7.
Nxd4 Qc4 8. Qd3 Qxd3 9. cxd3 d6 10. O-O g6 11. Be3 Bg7 12. Nd5 Rb8 13. Nc2 Nf6
14. Ba7 Nxd5 15. Bxb8 Nf4 16. Ba7 Nxd3 17. Nd4 Ne5 18. Rfc1 O-O 19. Rc2 Nd3 20.
Rc3 Ne5 21. Rac1 Nc6 22. Rc4 Nxa7 23. Ne2 Nc6 24. Nf4 Rd8 25. Nd5 Kf8 26. Nb4
Bd7 27. Nxc6 Bxc6 28. f3 Ke8 29. Rd4 0-1

[Event "Flint (Class DE/4)"]
[Site "?"]
[Date "1993.??.??"]
[Round "?"]
[White "Scott, A."]
[Black "Ketz, J."]
[Result "1-0"]
[WhiteElo "1605"]
[BlackElo "1605"]
[PlyCount "131"]
[EventDate "1993.??.??"]

1. e4 c5 2. Bc4 g6 3. Nf3 Bg7 4. d3 Nf6 5. Ng5 e6 6. Nf3 O-O 7. Bg5 d5 8. exd5
exd5 9. Bb3 Nc6 10. O-O d4 11. c3 Bg4 12. cxd4 cxd4 13. Nbd2 Ne5 14. h3 Bxf3
15. Nxf3 Nxf3+ 16. Qxf3 b5 17. Rac1 Qd6 18. Rc6 Qe5 19. Bxf6 Bxf6 20. Rxf6 Rac8
21. Rc6 Rce8 22. a4 b4 23. Rc4 a5 24. Rcc1 Rd8 25. Rfe1 Qg5 26. Re4 Rd7 27. Rg4
Qh5 28. Rc4 Qh6 29. Rcxd4 Re7 30. Rge4 Rc7 31. Qf4 Qxf4 32. Rxf4 Rfc8 33. Rc4
g5 34. Rxc7 Rxc7 35. Rg4 Rc1+ 36. Kh2 h6 37. d4 Rc8 38. d5 Rd8 39. h4 h5 40.
Rxg5+ Kf8 41. Rxh5 Ke7 42. Rf5 Rh8 43. g3 f6 44. d6+ Kxd6 45. Rxa5 Ke7 46. Rb5
Rd8 47. a5 Rd2 48. a6 Rxf2+ 49. Kh3 Rxb2 50. Bd5 Rb1 51. a7 Ra1 52. a8=Q Rxa8
53. Bxa8 f5 54. Rxb4 Kf6 55. Rf4 Kg6 56. Be4 fxe4 57. Rxe4 Kf5 58. Re1 Kg6 59.
Kg4 Kh6 60. h5 Kh7 61. Kg5 Kh8 62. h6 Kh7 63. Re7+ Kg8 64. Ra7 Kh8 65. Kg6 Kg8
66. Ra8# 1-0

[Event "Flint (MI Jr/4)"]
[Site "?"]
[Date "1993.??.??"]
[Round "?"]
[White "Scott, A."]
[Black "Keihl, J."]
[Result "1-0"]
[WhiteElo "1605"]
[BlackElo "1605"]
[PlyCount "28"]
[EventDate "1993.??.??"]

1. e4 e5 2. Nf3 Nc6 3. Bc4 Nf6 4. d3 Bc5 5. Nc3 O-O 6. Bg5 Qe7 7. Nd5 Qd6 8.
Nxf6+ gxf6 9. Bh6 Re8 10. Nh4 Kh8 11. Nf5 Bb4+ 12. c3 Qc5 13. Bg7+ Kg8 14. Qg4
Nd4 1-0

[Event "Flint (MI Jr/3)"]
[Site "?"]
[Date "1993.??.??"]
[Round "?"]
[White "Scott, A."]
[Black "Gramlich, Allen"]
[Result "0-1"]
[WhiteElo "1605"]
[BlackElo "1605"]
[PlyCount "60"]
[EventDate "1993.??.??"]

1. e4 d5 2. exd5 Nf6 3. d3 Nxd5 4. Nf3 Bg4 5. Be2 e6 6. c4 Nf6 7. Nc3 Bb4 8.
Qa4+ Nc6 9. h3 Bxc3+ 10. bxc3 Bxf3 11. Bxf3 Qd7 12. Bg5 O-O-O 13. O-O a6 14.
Bxf6 gxf6 15. d4 e5 16. dxe5 Nxe5 17. Qxd7+ Rxd7 18. Be4 Kb8 19. Rab1 c6 20. f4
Nxc4 21. Bxc6 Rc7 22. Bd5 Nd2 23. c4 Nxf1 24. Rxf1 Rd8 25. Kh2 b5 26. Bf3 bxc4
27. Rc1 c3 28. Be4 Rd2 29. h4 c2 30. Kg3 Rc3+ 0-1

[Event "Lansing (MI Am/4)"]
[Site "?"]
[Date "1993.??.??"]
[Round "?"]
[White "Scott, A."]
[Black "Flynn, John"]
[Result "1-0"]
[WhiteElo "1605"]
[BlackElo "1605"]
[PlyCount "75"]
[EventDate "1993.??.??"]

1. e4 e5 2. Nf3 Nc6 3. Bc4 h6 4. Nc3 Nf6 5. d3 Bc5 6. O-O O-O 7. Nh4 d6 8. Nf3
Bd7 9. h3 a6 10. Ne2 Re8 11. Ng3 Na5 12. Bb3 Nxb3 13. cxb3 c6 14. Nh4 Ng4 15.
Nhf5 Bxf5 16. Nxf5 Nxf2 17. Rxf2 Bxf2+ 18. Kxf2 Qf6 19. Kg1 d5 20. exd5 cxd5
21. Qf1 Qe6 22. Qf3 Rac8 23. d4 exd4 24. Nxd4 Qe1+ 25. Kh2 Rxc1 26. Rxc1 Qxc1
27. Qxd5 Qxb2 28. Qd7 Re4 29. Qc8+ Kh7 30. Qf5+ g6 31. Qxe4 Qxa2 32. Qxb7 Qd2
33. Qxf7+ Kh8 34. Qf6+ Kh7 35. Nf3 Qa2 36. Qf7+ Kh8 37. Ne5 Qc2 38. Nxg6+ 1-0

[Event "Eastpointe (MI Action/3/25)"]
[Site "?"]
[Date "1993.??.??"]
[Round "?"]
[White "Scott, A."]
[Black "Choate, Eric"]
[Result "1-0"]
[WhiteElo "1605"]
[BlackElo "1605"]
[PlyCount "47"]
[EventDate "1993.??.??"]

{3/(25)} 1. e4 e5 2. Nf3 Nc6 3. Bc4 Nf6 4. Ng5 Qe7 5. Nc3 Qc5 6. d3 d6 7. Nxf7
Ng4 8. O-O Rg8 9. Nxd6+ Qxd6 10. Bxg8 Ne7 11. Bb3 Nf5 12. exf5 e4 13. g3 Bxf5
14. dxe4 Qh6 15. Bxh6 gxh6 16. exf5 Nf6 17. Re1+ Be7 18. Nd5 Ng8 19. Nxc7+ Kf8
20. Nxa8 Bb4 21. Re4 a5 22. Qd8+ Kg7 23. Qxg8+ Kf6 24. Re6+ 1-0

[Event "East Lansing (MOR/2/40)"]
[Site "?"]
[Date "1993.??.??"]
[Round "?"]
[White "Scott, A."]
[Black "Anderson, D."]
[Result "0-1"]
[WhiteElo "1605"]
[BlackElo "1605"]
[PlyCount "86"]
[EventDate "1993.??.??"]

{2/(40)} 1. e4 c5 2. Nf3 d6 3. Nc3 Nf6 4. Bc4 e6 5. O-O a6 6. d3 Nc6 7. Bg5 Be7
8. Re1 Na5 9. Bxf6 Bxf6 10. e5 dxe5 11. Nxe5 O-O 12. Qd2 b5 13. Bxb5 axb5 14.
Nxb5 Bb7 15. Qc3 Qd5 16. Nf3 Bxc3 17. Nxc3 Qc6 18. Rad1 Rad8 19. Ne2 Rd7 20. d4
Rfd8 21. c3 Qc7 22. b3 Bxf3 23. gxf3 h6 24. Kg2 e5 25. Ng3 cxd4 26. cxd4 Rxd4
27. Rc1 Qd6 28. b4 Nc6 29. Ne4 Qxb4 30. Ng3 Ne7 31. Rb1 Qd6 32. Ne4 Qg6+ 33.
Ng3 e4 34. fxe4 f5 35. exf5 Nxf5 36. Rb3 Nxg3 37. hxg3 Qc6+ 38. Kh2 Qc2 39. Kg2
Rd2 40. Rf3 Qc6 41. Ree3 Rf8 42. a4 Rxf3 43. Rxf3 Rd3 0-1

[Event "Troy (TCC/B/3/12)"]
[Site "?"]
[Date "1993.??.??"]
[Round "?"]
[White "Schwartz, M."]
[Black "McCarter, Robert"]
[Result "1/2-1/2"]
[WhiteElo "1770"]
[BlackElo "1715"]
[PlyCount "69"]
[EventDate "1993.??.??"]

{3/(12)} 1. e4 c5 2. Nf3 Nc6 3. d4 cxd4 4. Nxd4 e6 5. Nb5 d6 6. c4 a6 7. N5a3
Nf6 8. Nc3 Be7 9. Be2 Qc7 10. O-O O-O 11. Be3 Rb8 12. f4 Bd7 13. Rc1 Rfc8 14.
Qe1 b6 15. g4 Qb7 16. g5 Ne8 17. f5 Ne5 18. Qg3 Bc6 19. Rf4 exf5 20. exf5 f6
21. h4 d5 22. cxd5 Bxd5 23. Nxd5 Rxc1+ 24. Bxc1 Qxd5 25. Rf1 b5 26. Nc2 Rc8 27.
Ne3 Qxa2 28. Ng4 Bc5+ 29. Kh2 Nxg4+ 30. Qxg4 Bd6+ 31. Kh1 Be5 32. Qb4 Qd5+ 33.
Bf3 Qc4 34. Qxc4+ bxc4 35. Bb7 1/2-1/2

[Event "Troy (TCC/B/1a/2)"]
[Site "?"]
[Date "1993.??.??"]
[Round "?"]
[White "Schwartz, M."]
[Black "Corbin, W."]
[Result "0-1"]
[WhiteElo "1770"]
[BlackElo "1650"]
[PlyCount "62"]
[EventDate "1993.??.??"]

1. e4 c5 2. Nf3 d6 3. d4 cxd4 4. Nxd4 Nf6 5. Nc3 g6 6. Be2 Bg7 7. O-O O-O 8.
Be3 a6 9. a4 b6 10. f4 Qc7 11. Bf3 Bb7 12. Qd2 Nbd7 13. e5 dxe5 14. fxe5 Nxe5
15. Bxb7 Qxb7 16. b3 Rac8 17. Nce2 Rfd8 18. Qe1 Neg4 19. Bc1 Nd5 20. Qg3 f5 21.
h3 Ngf6 22. Nxf5 gxf5 23. Bh6 e6 24. Rae1 Ne4 25. Qh4 Qe7 26. Qh5 Qf6 27. Bc1
Rxc2 28. g4 Qg6 29. Qh4 Bf6 30. g5 Rxc1 31. Nxc1 Bxg5 0-1

[Event "Ann Arbor (HV Mini)"]
[Site "?"]
[Date "1993.??.??"]
[Round "?"]
[White "Schafer, Jurgen"]
[Black "Smeckert, Dennis"]
[Result "1-0"]
[WhiteElo "1605"]
[BlackElo "1605"]
[PlyCount "53"]
[EventDate "1993.??.??"]

1. e4 e5 2. Nf3 Nc6 3. Bb5 f5 4. d3 d6 5. Bg5 Nf6 6. Nc3 Be7 7. h4 f4 8. d4 O-O
9. Bc4+ Kh8 10. a3 a6 11. Qd3 b5 12. Ba2 Bg4 13. Ne2 Bh5 14. g3 Bg6 15. Bxf6
Bxf6 16. gxf4 exf4 17. Nxf4 Bf7 18. Be6 Qe8 19. Bxf7 Rxf7 20. O-O-O Bxd4 21.
Nh3 Be5 22. Nfg5 Bf4+ 23. Kb1 Bxg5 24. hxg5 Ne5 25. Qd5 Re7 26. Nf4 Ng6 27.
Rxh7+ 1-0

[Event "Troy (TCC/C/3/13)"]
[Site "?"]
[Date "1993.??.??"]
[Round "?"]
[White "Schafer, Jurgen"]
[Black "Sabo, B."]
[Result "1-0"]
[WhiteElo "1605"]
[BlackElo "1605"]
[PlyCount "103"]
[EventDate "1993.??.??"]

{3/(13)} 1. e4 e5 2. Nf3 d6 3. c3 Nf6 4. Be2 Nxe4 5. Qa4+ c6 6. Qxe4 Be7 7. d4
f5 8. Qc2 e4 9. Ng1 Bg5 10. f4 exf3 11. Nxf3 Bh4+ 12. Nxh4 Qxh4+ 13. g3 Qe4 14.
Qxe4+ fxe4 15. O-O Bh3 16. Rf2 Nd7 17. Bf4 Ke7 18. Nd2 d5 19. Nf1 h6 20. g4 g5
21. Bg3 Raf8 22. Ne3 Rxf2 23. Bxf2 Nf6 24. Bg3 Rf8 25. Nf5+ Kf7 26. Nxh6+ Kg6
27. Nf5 Bxg4 28. Bxg4 Nxg4 29. Nd6 b6 30. Rf1 Rxf1+ 31. Kxf1 Ne3+ 32. Ke2 Nc4
33. Nxc4 dxc4 34. Ke3 Kf5 35. b3 b5 36. bxc4 bxc4 37. a4 a6 38. a5 g4 39. Bb8
Kg5 40. Kxe4 Kh4 41. Bg3+ Kh3 42. Kf4 Kg2 43. Kxg4 Kf1 44. h4 Ke2 45. h5 Kd3
46. h6 Kxc3 47. h7 Kxd4 48. h8=Q+ Kc5 49. Be1 Kd5 50. Qc3 Kc5 51. Kf4 Kb5 52.
Qb4# 1-0

[Event "Ann Arbor (HV Mini)"]
[Site "?"]
[Date "1993.??.??"]
[Round "?"]
[White "Schafer, Jurgen"]
[Black "Hawley, T."]
[Result "0-1"]
[WhiteElo "1605"]
[BlackElo "1760"]
[PlyCount "59"]
[EventDate "1993.??.??"]

1. e4 e5 2. Nf3 Nc6 3. d4 exd4 4. Nxd4 Bc5 5. Be3 Nxd4 6. Bxd4 Bxd4 7. Qxd4 Qf6
8. e5 Qh6 9. Nc3 Ne7 10. Bc4 Nc6 11. Qd5 O-O 12. O-O a5 13. a3 a4 14. f4 Ra5
15. Qe4 b6 16. Nb5 Bb7 17. Nxc7 Nd8 18. Bd5 Bxd5 19. Nxd5 Kh8 20. Qf3 Ne6 21.
c3 Nc5 22. f5 Qg5 23. Nxb6 Rb8 24. Nc4 Ra6 25. Nd6 Kg8 26. Qd5 Qe3+ 27. Kh1 Rf8
28. Rae1 Qh6 29. Qxc5 Qh5 30. Qd5 $138 0-1

[Event "Troy (TCC/C/1b/6)"]
[Site "?"]
[Date "1993.??.??"]
[Round "?"]
[White "Schafer, Jurgen"]
[Black "Cunningham, J."]
[Result "0-1"]
[WhiteElo "1605"]
[BlackElo "1605"]
[PlyCount "76"]
[EventDate "1993.??.??"]

1. e4 e5 2. Nf3 Nc6 3. c3 Nf6 4. Be2 Nxe4 5. d4 Qf6 6. O-O Be7 7. d5 Nd8 8. Bd3
Nc5 9. Re1 Nxd3 10. Qxd3 h6 11. Nxe5 d6 12. Nf3 Bf5 13. Qe2 c6 14. c4 Rc8 15.
Nc3 Rc7 16. Be3 a6 17. Bd4 Qg6 18. Nh4 Qg4 19. Nxf5 Qxf5 20. Bxg7 Rg8 21. Ne4
Kd7 22. Ng3 Qg5 23. Bxh6 Qxh6 24. Qxe7+ Kc8 25. Qe4 Qf8 26. a4 f6 27. Qf5+ Kb8
28. Re3 Rg5 29. Qf4 Re5 30. Rae1 Rce7 31. Ne4 Kc7 32. Qxf6 Rf7 33. Qh4 Rf4 34.
Qg3 Qf5 35. Qg7+ Nf7 36. Ng3 Qg5 37. Qxg5 Nxg5 38. Rxe5 dxe5 0-1

[Event "Troy (TCC/C/4/9)"]
[Site "?"]
[Date "1993.??.??"]
[Round "?"]
[White "Schafer, Jurgen"]
[Black "Cooper, Willie"]
[Result "1-0"]
[WhiteElo "1605"]
[BlackElo "1605"]
[PlyCount "71"]
[EventDate "1993.??.??"]

{4/(9)} 1. e4 e5 2. Nf3 Nc6 3. Bc4 Bc5 4. O-O Nf6 5. c3 O-O 6. d4 exd4 7. cxd4
Be7 8. e5 Ne4 9. d5 Na5 10. Bd3 f5 11. exf6 Nxf6 12. Nc3 b6 13. a3 Nb7 14. b4
d6 15. Qc2 h6 16. Nb5 Nxd5 17. Bc4 c6 18. Nc3 Be6 19. Nd4 Qd7 20. Re1 Nd8 21.
Nxe6 Nxe6 22. b5 Nd4 23. Qd3 Bf6 24. bxc6 Nxc6 25. Nxd5 Kh8 26. Nxf6 Rxf6 27.
Bb2 Rf5 28. Be6 Ne5 29. Bxe5 Qxe6 30. Bxg7+ Kxg7 31. Rxe6 Raf8 32. Qd4+ Re5 33.
Rxe5 dxe5 34. Qxe5+ Rf6 35. h4 Kf7 36. Re1 1-0

[Event "Gaylord (NMO/3/10)"]
[Site "?"]
[Date "1993.??.??"]
[Round "?"]
[White "Sawaski, J."]
[Black "Uhl, W."]
[Result "1-0"]
[WhiteElo "1825"]
[BlackElo "1605"]
[PlyCount "93"]
[EventDate "1993.??.??"]

{3/(10)} 1. c4 e5 2. g3 Nf6 3. Bg2 d6 4. Nc3 c6 5. d4 exd4 6. Qxd4 Be6 7. Bg5
Be7 8. Ne4 Nbd7 9. Nh3 h6 10. Bf4 d5 11. cxd5 Bxd5 12. O-O O-O 13. Nc3 Bc5 14.
Qd3 Bxg2 15. Kxg2 Re8 16. Rad1 Qe7 17. Bd6 Bxd6 18. Qxd6 Qxd6 19. Rxd6 Rad8 20.
Rfd1 g5 21. Ng1 Kg7 22. Nf3 Re6 23. Rxe6 fxe6 24. Ne5 Nd5 25. Nxd7 Rxd7 26. e4
Ne3+ 27. fxe3 Rf7 28. Rd6 Kf6 29. Rd2 Ke5 30. Rd4 g4 31. Ra4 a6 32. Ra5+ Kd6
33. Rh5 Rh7 34. Kf2 e5 35. Ne2 Rf7+ 36. Ke1 Rf6 37. Nc1 b5 38. Nd3 Re6 39. b4
Rf6 40. Rxe5 Rf3 41. Ke2 Rf6 42. Rxb5 axb5 43. e5+ Ke6 44. exf6 Kxf6 45. e4 h5
46. Ke3 Kg5 47. Ne5 1-0

[Event "Gaylord (NMO/1/10)"]
[Site "?"]
[Date "1993.??.??"]
[Round "?"]
[White "Sawaski, J."]
[Black "Morian, William"]
[Result "1-0"]
[WhiteElo "1825"]
[BlackElo "1605"]
[PlyCount "113"]
[EventDate "1993.??.??"]

{1/(10)} 1. c4 f5 2. g3 e6 3. Bg2 Nf6 4. Nc3 Be7 5. d4 c6 6. Nf3 d5 7. cxd5
exd5 8. O-O O-O 9. Bg5 Ne4 10. Bxe7 Qxe7 11. Ne5 Qb4 12. Bxe4 fxe4 13. Qd2 Nd7
14. Nxd7 Bxd7 15. Nxe4 Qxd2 16. Nxd2 Bh3 17. Rfe1 Rf7 18. f4 Re8 19. e3 Rfe7
20. Kf2 Bf5 21. Rac1 Re6 22. Nf3 Rc8 23. b4 Ra8 24. a3 Re7 25. Ne5 a5 26. Ra1
Bc2 27. Rec1 Ba4 28. Rc5 Bb5 29. Rcc1 a4 30. Rg1 Kf8 31. h4 Rc8 32. g4 b6 33.
Rac1 Rec7 34. Rc3 c5 35. bxc5 bxc5 36. Rb1 Be8 37. Rbc1 c4 38. e4 dxe4 39. Rxc4
Rxc4 40. Rxc4 Rxc4 41. Nxc4 Bd7 42. g5 Bb5 43. Nd2 Bd3 44. Ke3 Ke7 45. Nxe4
Bxe4 46. Kxe4 Kd6 47. d5 g6 48. Kd4 Kd7 49. Ke5 Ke7 50. d6+ Kd7 51. Kd5 Kd8 52.
Ke6 Ke8 53. f5 gxf5 54. Kxf5 Kd7 55. Ke5 Ke8 56. Ke6 Kd8 57. d7 1-0

[Event "Flint (Class B/1)"]
[Site "?"]
[Date "1993.??.??"]
[Round "?"]
[White "Saulmon, Scott"]
[Black "Swartz, J."]
[Result "1-0"]
[WhiteElo "1700"]
[BlackElo "1605"]
[PlyCount "75"]
[EventDate "1993.??.??"]

1. e4 Nf6 2. Nc3 e5 3. Nf3 Nc6 4. d4 exd4 5. Nxd4 d6 6. Bc4 Nxd4 7. Qxd4 Be6 8.
Bd3 c6 9. O-O Be7 10. f4 O-O 11. Qf2 Ne8 12. f5 Bc8 13. a4 Bf6 14. Bd2 Nc7 15.
Rae1 Re8 16. Qf3 Bd7 17. b3 a6 18. Ne2 d5 19. Bc3 dxe4 20. Bxe4 Rb8 21. Rd1
Bxc3 22. Nxc3 Qe7 23. Rd3 b5 24. Qg3 f6 25. Qxc7 Qc5+ 26. Kh1 b4 27. Rxd7 Qf8
28. Bxc6 Rec8 29. Qd6 bxc3 30. Bd5+ Kh8 31. Qxf8+ Rxf8 32. Re1 Rfe8 33. Rxe8+
Rxe8 34. Be6 g6 35. g4 g5 36. Rc7 Rd8 37. Rc8 Rxc8 38. Bxc8 1-0